Чар-писанка (Запис № 426534)

МАРК-запис
000 -Лідер
fixed length control field 00753nam a22002657a 4500
001 - Контрольний номер
control field 46451
003 - Ідентифікатор контрольного номера
control field UA-OsUOA
005 - Дата та час останнього входження (трансакції)
control field 20260126104257.0
007 - Фіксоване поле фізичного опису
fixed length control field ta
008 - Елементи даних фіксованої довжини – загальна інформація
fixed length control field 20120222b un ||||| |||| 00| 0 ukr d
020 ## - Міжнародний стандартний книжковий номер (ISBN)
Міжнародний стандартний книжковий номер (ISBN) (НП) 9789662227079
040 ## - Джерело каталогізації
Агенція оригінальної каталогізації UA-OsUOA
Мова каталогізації ukr
Агенція, яка здійснювала перезапис UA-OsUOA
Агенція, яка здійснювала модифікацію UA-OsUOA
041 ## - Код мови
Код мови тексту/ звукової доріжки чи окремого заголовка (П) ukr
080 ## - Індекс Універсальної десяткової класифікації
Індекс Універсальної десяткової класифікації (УДК) (НП) 82-32
090 ## - Локальний шифр розміщення
Класифікаційний індекс УДК 82-32
Авторський знак (НП) В61
100 ## - Основне введення – ім’я особи
Ім’я особи (НП) Вовк В.
9 (RLIN) 2836
245 ## - Відомості про назву
Назва (НП) Чар-писанка
Дані про відповідальність (НП) Віра Вовк
260 ## - Публікація, розповсюдження і т.п. (Вихідні дані)
Місце публікації, розповсюдження і т.п. (П) Львів
Ім’я/ наймення видавництва, розповсюджувача і т.п. (П) БаК
Дата публікації, розповсюдження і т.п. (П) 2012
300 ## - Фізичний опис
Обсяг 120 с.
650 #7 - Додаткове предметне введення – тематичний термін
Тематичний термін чи географічна назва, як елемент введення (НП) 82-32 Оповідання. Новели
Джерело заголовка чи терміна UDC
9 (RLIN) 16150
942 ## - Додаткові елементи входу (Коха)
Тип елемента Koha Книги
Source of classification or shelving scheme Universal Decimal Classification
955 ## - Код типу видання за змістом
Код типу видання за змістом (НП) Літературно-художні видання
Фонди
Стан вилучень Стан втрат Джерело класифікації або схеми стелажів Стан уражень Не для кредиту Постійне місце розташування Поточне розміщення Дата придбання Джерело придбання Вартість, звичайна ціна покупки Інвентарний номер Усього замовленно Повний номер виклику Штрих-код Дата останнього перегляду Ціна ефективна від Тип елемента Koha Код колекції Вартість, ціна заміни
    Universal Decimal Classification     АБ - Абонемент НБ АБ - Абонемент НБ 26/01/2026 №03/21.01.2026 20.00     82-32 В61 169227 26/01/2026 26/01/2026 Книги Колекція Шевчука Валерія 20.00
    Universal Decimal Classification     Наукова бібліотека ІДУД Наукова бібліотека ІДУД 22/02/2012 222/2010 1.00 2132955   82-32 В61 2132955 14/09/2019 22/02/2012 Книги